Statistics for Top 10 Countries by Gold Production

Click here to take the quiz!

General Stats

  • This quiz has been taken 14 times
  • The average score is 8 of 10

Answer Stats

Gold Pro. (tonnes)Country% Correct
189Canada
100%
404China
100%
222United States
100%
297Russia
93%
130South Africa
93%
319Australia
86%
115Mexico
86%
137Indonesia
64%
158Peru
50%
130Ghana
7%

Score Distribution

Percentile by Number Answered

Percent of People with Each Score

Your Score History

You have not taken this quiz